000 00792cam a2200229 a 4500
001 000013465
005 20250211105815.0
008 930715s1970 mx b 001 0 spa
040 _aDO-SdBNP
_bspa
_cDLC
_dBNPHU
082 _a330.972
_bF634v
100 1 _aFlores, Edmundo,
_d1918-
_930759
245 1 0 _aVieja revolución :
_bnuevos problemas /
_cEdmundo Flores.
260 _aMéxico, D. F. :
_bJoaquín Mortiz,
_c1970.
300 _a125 p. ;
_c21 cm.
490 1 _aCuadernos de Joaquín Mortiz,
_v[7]
651 4 _aMéxico
_xCondiciones Económicas
_y1918-
_930597
650 0 _aAgricultura -
_xAspectos económicos
_930596
651 4 _aMéxico
_xHistoria
_y1945-1971.
_930760
830 4 _aCuadernos de Joaquín Mortiz,
_v[7]
_930761
910 _aCatalogación por copia/LC
049 _aBNGR
999 _c13089
_d13089